[Event "Madrid-chT Honor 2223"]
[Site "Madrid"]
[Date "2023.03.19"]
[Round "14.2"]
[White "Alarcia Astiz, Carlos"]
[Black "Garcia Luengo, Leandro"]
[Result "0-1"]
[WhiteElo "2261"]
[BlackElo "2278"]
[PlyCount "52"]
[EventDate "2022.11.20"]
[EventType "team-tourn"]
[EventRounds "14"]
[EventCountry "ESP"]
[SourceTitle "EXT 2024"]
[Source "ChessBase"]
[SourceDate "2023.10.10"]
[SourceVersion "1"]
[SourceVersionDate "2023.10.10"]
[SourceQuality "1"]
[WhiteTeam "Blanco y Negro"]
[BlackTeam "San Fernando de Henares"]
[WhiteTeamCountry "ESP"]
[BlackTeamCountry "ESP"]

1. e4 c5 2. Nf3 Nc6 3. d4 cxd4 4. Nxd4 g6 5. f4 Bg7 6. Nf3 Nf6 7. Nc3 0-0 8. Bd3 d5 9. e5 Ne8 10. a3 f6 11. exf6 Nxf6 12. 0-0 e5 13. fxe5 Ng4 14. Kh1 Ncxe5 15. Be2 Nxf3 16. Bxf3 d4 17. Ne4 Qc7 18. g3 Ne3 19. Bxe3 dxe3 20. c3 Qe5 21. Qd6 e2 22. Rf2 Qxd6 23. Nxd6 Rxf3 24. Rxf3 Bg4 25. Re3 Bh6 26. Rd3 Rf8 0-1

[Event "Madrid-chT Honor 2223"]
[Site "Madrid"]
[Date "2023.01.15"]
[Round "5.1"]
[White "Reyes Larena, Juan"]
[Black "Garcia Luengo, Leandro"]
[Result "1-0"]
[WhiteElo "2434"]
[BlackElo "2278"]
[PlyCount "103"]
[EventDate "2022.11.20"]
[EventType "team-tourn"]
[EventRounds "14"]
[EventCountry "ESP"]
[SourceTitle "EXT 2024"]
[Source "ChessBase"]
[SourceDate "2023.10.10"]
[SourceVersion "1"]
[SourceVersionDate "2023.10.10"]
[SourceQuality "1"]
[WhiteTeam "San Sebastian de los Reyes"]
[BlackTeam "San Fernando de Henares"]
[WhiteTeamCountry "ESP"]
[BlackTeamCountry "ESP"]

1. e4 c5 2. Nf3 Nc6 3. d4 cxd4 4. Nxd4 g6 5. Nc3 Bg7 6. Be3 Nf6 7. Bc4 0-0 8. Bb3 d6 9. h3 Na5 10. 0-0 Nxb3 11. axb3 b6 12. Re1 Bb7 13. Bg5 Re8 14. b4 a6 15. b5 axb5 16. Ndxb5 Ra5 17. Rxa5 bxa5 18. Qd2 Qb6 19. Be3 Qc6 20. f3 Ra8 21. Ra1 Kf8 22. Na7 Qc7 23. Ncb5 Qd8 24. Qxa5 Qxa5 25. Rxa5 Ne8 26. b3 f5 27. exf5 gxf5 28. Nd4 Bxd4 29. Bxd4 e5 30. Bf2 Ke7 31. c4 Nc7 32. c5 dxc5 33. Bxc5+ Ke6 34. b4 Rg8 35. Kf2 Na6 36. Rb5 Rg7 37. Be3 e4 38. f4 Rf7 39. g4 fxg4 40. hxg4 Nb8 41. f5+ Kf6 42. Bd4+ Kg5 43. Kg3 Rd7 44. Be3+ Kf6 45. Kf4 Kf7 46. g5 Rc7 47. Rb6 Nd7 48. Rh6 Kg8 49. Rd6 Nf8 50. Rd8 Kf7 51. Nb5 Rd7 52. Rxd7+ 1-0

[Event "Madrid-chT Honor 2223"]
[Site "Madrid"]
[Date "2022.11.27"]
[Round "2.1"]
[White "Plazuelo Pascual, Juan"]
[Black "Garcia Luengo, Leandro"]
[Result "1-0"]
[WhiteElo "2453"]
[BlackElo "2278"]
[PlyCount "39"]
[EventDate "2022.11.20"]
[EventType "team-tourn"]
[EventRounds "14"]
[EventCountry "ESP"]
[SourceTitle "EXT 2024"]
[Source "ChessBase"]
[SourceDate "2023.10.10"]
[SourceVersion "1"]
[SourceVersionDate "2023.10.10"]
[SourceQuality "1"]
[WhiteTeam "Alcorcon Diagonal"]
[BlackTeam "San Fernando de Henares"]
[WhiteTeamCountry "ESP"]
[BlackTeamCountry "ESP"]

1. e4 c5 2. Nc3 g6 3. Bc4 Bg7 4. h4 h5 5. Qf3 e6 6. d4 Nc6 7. Nb5 d5 8. exd5 exd5 9. Bxd5 Qe7+ 10. Kf1 Nxd4 11. Nxd4 cxd4 12. Bg5 Nf6 13. Re1 Be6 14. Bxe6 fxe6 15. Qb3 e5 16. Nf3 0-0-0 17. Nxe5 Rhe8 18. Qh3+ Kc7 19. Bf4 Nd5 20. Nxg6+ 1-0

[Event "Madrid-chT 2021"]
[Site "Madrid"]
[Date "2021.06.06"]
[Round "14.3"]
[White "Garcia Luengo, Leandro"]
[Black "Rabadan Velasco, Raul"]
[Result "0-1"]
[WhiteElo "2350"]
[BlackElo "2184"]
[PlyCount "122"]
[EventDate "2021.01.23"]
[EventType "team-tourn"]
[EventRounds "14"]
[EventCountry "ESP"]
[SourceTitle "EXT 2022"]
[Source "ChessBase"]
[SourceDate "2021.10.06"]
[SourceVersion "1"]
[SourceVersionDate "2021.10.06"]
[SourceQuality "1"]
[WhiteTeam "Villalba 64"]
[BlackTeam "Virgen de Atocha"]
[WhiteTeamCountry "ESP"]
[BlackTeamCountry "ESP"]

1. e4 d6 2. d4 g6 3. Nc3 Bg7 4. Nf3 a6 5. Bf4 b5 6. Bd3 Nd7 7. Qd2 c5 8. d5 c4 9. Be2 Ngf6 10. Nd4 b4 11. Nd1 Qb6 12. f3 Nxd5 13. exd5 Qxd4 14. Qxd4 Bxd4 15. Bxc4 Nb6 16. Be3 Bc5 17. Bxc5 dxc5 18. Ne3 Bb7 19. 0-0-0 Rd8 20. Bb3 0-0 21. Rhe1 Rd7 22. Rd2 Rc8 23. Bc4 Rcd8 24. Bb3 a5 25. Nc4 Nxc4 26. Bxc4 Kg7 27. Red1 Kf6 28. Bb5 Rxd5 29. Bc4 Rxd2 30. Rxd2 Rxd2 31. Kxd2 e6 32. a3 Ke5 33. Ke3 Bd5 34. Bb5 Kd6 35. c3 e5 36. h4 f5 37. g3 bxa3 38. bxa3 Ke7 39. Bd3 Kf6 40. Be2 h6 41. Bb5 g5 42. hxg5+ hxg5 43. Bd3 f4+ 44. Kf2 Be6 45. Be4 Ke7 46. Bd3 Kd6 47. Bc2 Bc4 48. Be4 Bb3 49. g4 Kc7 50. Ke1 Kb6 51. Bd3 c4 52. Bf5 Ba4 53. Ke2 Bc6 54. Bc2 Kc5 55. Kf2 Kb5 56. Ke2 Bd7 57. Kd2 e4 58. Bxe4 Ka4 59. Kc2 Kxa3 60. Bd5 Ba4+ 61. Kd2 Kb3 0-1

[Event "Madrid-chT 2021"]
[Site "Madrid"]
[Date "2021.05.30"]
[Round "13.2"]
[White "Garcia Luengo, Leandro"]
[Black "Martin Duque, Jesus"]
[Result "1/2-1/2"]
[WhiteElo "2350"]
[BlackElo "2439"]
[PlyCount "106"]
[EventDate "2021.01.23"]
[EventType "team-tourn"]
[EventRounds "14"]
[EventCountry "ESP"]
[SourceTitle "EXT 2022"]
[Source "ChessBase"]
[SourceDate "2021.10.06"]
[SourceVersion "1"]
[SourceVersionDate "2021.10.06"]
[SourceQuality "1"]
[WhiteTeam "Villalba 64"]
[BlackTeam "Collado Villalba"]
[WhiteTeamCountry "ESP"]
[BlackTeamCountry "ESP"]

1. e4 c5 2. Be2 Nc6 3. f4 d5 4. d3 dxe4 5. dxe4 Qxd1+ 6. Bxd1 b6 7. c3 Bb7 8. Nf3 e6 9. Be2 Nf6 10. Nbd2 Rd8 11. a4 Be7 12. e5 Nd5 13. Nc4 0-0 14. 0-0 a6 15. g3 b5 16. axb5 axb5 17. Na3 b4 18. Nb5 f6 19. c4 Nb6 20. Be3 Nd7 21. Nc7 Kf7 22. f5 Rc8 23. Nxe6 Rfe8 24. exf6 Bxf6 25. Rad1 Re7 26. Nfg5+ Kg8 27. Ne4 Bd4 28. Bxd4 Nxd4 29. Bd3 Nxf5 30. N4g5 g6 31. Bxf5 gxf5 32. Nf4 Nf6 33. Nd5 Nxd5 34. cxd5 Re5 35. d6 Rd8 36. Rf2 Bd5 37. Nf3 Bxf3 38. Rxf3 Rd7 39. Kf2 Kf7 40. g4 Ke6 41. gxf5+ Rxf5 42. Rxf5 Kxf5 43. Rd5+ Ke4 44. Rxc5 Rxd6 45. Ke2 Kd4 46. Rh5 Kc4 47. Rh3 Rg6 48. b3+ Kd4 49. Rd3+ Kc5 50. Rh3 h6 51. Kd3 Rd6+ 52. Ke3 Re6+ 53. Kd3 Rd6+ 1/2-1/2

[Event "Madrid-chT 2021"]
[Site "Madrid"]
[Date "2021.04.11"]
[Round "7.2"]
[White "Garcia Luengo, Leandro"]
[Black "Plazuelo Pascual, Juan"]
[Result "0-1"]
[WhiteElo "2350"]
[BlackElo "2465"]
[PlyCount "106"]
[EventDate "2021.01.23"]
[EventType "team-tourn"]
[EventRounds "14"]
[EventCountry "ESP"]
[SourceTitle "EXT 2022"]
[Source "ChessBase"]
[SourceDate "2021.10.06"]
[SourceVersion "1"]
[SourceVersionDate "2021.10.06"]
[SourceQuality "1"]
[WhiteTeam "Villalba 64"]
[BlackTeam "Virgen de Atocha"]
[WhiteTeamCountry "ESP"]
[BlackTeamCountry "ESP"]

1. e4 c6 2. d4 d5 3. Nc3 dxe4 4. Nxe4 Nf6 5. Nxf6+ exf6 6. Be2 Bd6 7. Bf3 0-0 8. Ne2 Qc7 9. Be3 Nd7 10. Qd2 Re8 11. Rc1 Nf8 12. c4 Ng6 13. c5 Bf8 14. h4 Be6 15. h5 Ne7 16. Nc3 Nf5 17. 0-0 Rad8 18. b4 Qd7 19. Rcd1 Nh4 20. Be4 Bh3 21. gxh3 Rxe4 22. f3 Ree8 23. Kh2 Qf5 24. Bf4 Qxh5 25. Qf2 Ng6 26. Bc7 Rd7 27. Bg3 Red8 28. Rfe1 Ne7 29. Ne4 Nf5 30. Rg1 Kh8 31. Rd3 Nxd4 32. Bd6 Nf5 33. Rgd1 Nxd6 34. Nxd6 Kg8 35. f4 b6 36. R1d2 h6 37. f5 Bxd6+ 38. cxd6 g6 39. fxg6 Qe5+ 40. Kh1 fxg6 41. Re3 Qf5 42. Qg3 g5 43. Qe1 Kg7 44. Re7+ Kg6 45. Rxd7 Qxh3+ 46. Kg1 Qxd7 47. Qe4+ Kg7 48. Qe2 Re8 49. Qd1 Re4 50. Qf3 Rxb4 51. Rd3 Rf4 52. Qe2 Kf8 53. Qh5 Qg4+ 0-1

[Event "Madrid-chT Honor"]
[Site "Madrid"]
[Date "2010.02.14"]
[Round "10"]
[White "Almagro Llamas, Pablo"]
[Black "Garcia Luengo, Leandro"]
[Result "1/2-1/2"]
[WhiteElo "2453"]
[BlackElo "2308"]
[PlyCount "28"]
[EventDate "2009.11.22"]
[EventType "team-tourn"]
[EventRounds "13"]
[EventCountry "ESP"]
[SourceTitle "EXT 2011"]
[Source "ChessBase"]
[SourceDate "2010.11.26"]
[SourceVersion "1"]
[SourceVersionDate "2010.11.26"]
[SourceQuality "1"]

1. e4 c5 2. Nf3 g6 3. c3 Bg7 4. d4 cxd4 5. cxd4 d5 6. exd5 Nf6 7. Bb5+ Nbd7 8. Nc3 0-0 9. 0-0 Nb6 10. Re1 Nbxd5 11. Bg5 Be6 12. Qd2 Rc8 13. Rac1 Qd6 14. Bf1 Rfd8 1/2-1/2

[Event "Madrid-chT Honor"]
[Site "Madrid"]
[Date "2010.01.24"]
[Round "7"]
[White "Moreno Ruiz, Javier"]
[Black "Garcia Luengo, Leandro"]
[Result "1/2-1/2"]
[WhiteElo "2459"]
[BlackElo "2308"]
[PlyCount "92"]
[EventDate "2009.11.22"]
[EventType "team-tourn"]
[EventRounds "13"]
[EventCountry "ESP"]
[SourceTitle "EXT 2011"]
[Source "ChessBase"]
[SourceDate "2010.11.26"]
[SourceVersion "1"]
[SourceVersionDate "2010.11.26"]
[SourceQuality "1"]

1. c4 e5 2. g3 f5 3. Nc3 Nf6 4. d4 e4 5. Nh3 Bb4 6. Bd2 Nc6 7. a3 Bxc3 8. Bxc3 d6 9. Bg2 0-0 10. d5 Ne5 11. Qd4 Qe8 12. 0-0 Qa4 13. b4 Qa6 14. Rfc1 Nxc4 15. a4 b5 16. a5 c6 17. Nf4 cxd5 18. Nxd5 Qb7 19. Nf4 Qf7 20. f3 Bb7 21. Rf1 exf3 22. exf3 a6 23. Bh3 Bc8 24. Rae1 g5 25. Nd3 Qa7 26. Bg2 Nd5 27. Qxa7 Rxa7 28. Bd4 Re7 29. Rxe7 Nxe7 30. f4 h6 31. Re1 Kf7 32. Nb2 Nxb2 33. Bxb2 gxf4 34. gxf4 Rg8 35. Kf2 Be6 36. Bf3 Nd5 37. Rc1 Ke7 38. Bd4 Kd7 39. Bxd5 Bxd5 40. Rg1 Rg4 41. Be3 Be4 42. h3 Rxg1 43. Kxg1 Ke6 44. Ba7 h5 45. h4 Bd3 46. Kf2 Bc4 1/2-1/2

[Event "Madrid-chT Honor"]
[Site "Madrid"]
[Date "2009.11.22"]
[Round "1"]
[White "Garcia Luengo, Leandro"]
[Black "Valles Moreno, Ivan"]
[Result "1/2-1/2"]
[WhiteElo "2308"]
[BlackElo "2424"]
[PlyCount "20"]
[EventDate "2009.11.22"]
[EventType "team-tourn"]
[EventRounds "13"]
[EventCountry "ESP"]
[SourceTitle "EXT 2011"]
[Source "ChessBase"]
[SourceDate "2010.11.26"]
[SourceVersion "1"]
[SourceVersionDate "2010.11.26"]
[SourceQuality "1"]

1. e4 c5 2. Nf3 e6 3. Nc3 a6 4. b3 Nc6 5. Bb2 d6 6. d4 cxd4 7. Nxd4 Bd7 8. Nxc6 Bxc6 9. Bd3 Nf6 10. 0-0 Be7 1/2-1/2

[Event "Collado Villalba op 17th"]
[Site "Collado Villalba"]
[Date "2000.08.29"]
[Round "7"]
[White "Garcia Luengo, Leandro"]
[Black "Herrera, Irisberto"]
[Result "0-1"]
[WhiteElo "2221"]
[BlackElo "2467"]
[PlyCount "74"]
[EventDate "2000.08.22"]
[EventType "swiss"]
[EventRounds "9"]
[EventCountry "ESP"]
[SourceTitle "EXT 2001"]
[Source "ChessBase"]
[SourceDate "2000.11.22"]
[SourceVersion "1"]
[SourceVersionDate "2000.11.22"]
[SourceQuality "1"]

1. e4 c5 2. Nf3 d6 3. d4 cxd4 4. Nxd4 Nf6 5. Nc3 a6 6. f3 e5 7. Nb3 Be6 8. Be3 Nbd7 9. Qd2 b5 10. a4 b4 11. Nd5 Bxd5 12. exd5 Nb6 13. Bxb6 Qxb6 14. a5 Qb7 15. Bc4 Be7 16. Ra4 Rb8 17. Qd3 Ra8 18. Qd2 Rb8 19. Qd3 0-0 20. Bxa6 Qa7 21. Bb5 Nh5 22. Rxb4 f5 23. Kd1 Bg5 24. g3 Be3 25. Re1 f4 26. g4 Nf6 27. a6 e4 28. Rxe4 Nxe4 29. fxe4 Qe7 30. Bc6 Rb4 31. e5 Qh4 32. e6 Qxg4+ 33. Qe2 f3 34. Qxe3 f2+ 35. Kd2 fxe1Q+ 36. Qxe1 Re4 37. Qd1 Qf4+ 0-1

[Event "ESP-ch U20"]
[Site "Mondariz"]
[Date "2000.07.19"]
[Round "4"]
[White "Fernandez Romero, Ernesto"]
[Black "Garcia Luengo, Leandro"]
[Result "1-0"]
[WhiteElo "2383"]
[BlackElo "2221"]
[PlyCount "93"]
[EventDate "2000.07.16"]
[EventType "swiss"]
[EventRounds "8"]
[EventCountry "ESP"]
[SourceTitle "EXT 2001"]
[Source "ChessBase"]
[SourceDate "2000.11.22"]
[SourceVersion "1"]
[SourceVersionDate "2000.11.22"]
[SourceQuality "1"]

1. e4 c5 2. Nf3 Nc6 3. d4 cxd4 4. Nxd4 g6 5. c4 Bg7 6. Be3 Nf6 7. Nc3 0-0 8. Be2 b6 9. 0-0 Bb7 10. f3 Qb8 11. Rf2 Rd8 12. Bf1 d6 13. a3 Rd7 14. Rd2 Qf8 15. Qe1 Rad8 16. Rad1 Bh6 17. Nc2 Ne5 18. Nd5 Ne8 19. Qh4 Bxe3+ 20. Ncxe3 e6 21. Nf6+ Nxf6 22. Qxf6 Qg7 23. Qxg7+ Kxg7 24. f4 Nc6 25. e5 d5 26. cxd5 exd5 27. Bb5 a6 28. Bxc6 Bxc6 29. Rd4 f6 30. e6 Rb7 31. Rc1 Rd6 32. f5 Kf8 33. g4 Ke7 34. Kf2 Rb8 35. Kg3 Rbd8 36. h4 Rb8 37. Kf4 Rf8 38. Rcd1 Rfd8 39. g5 Rf8 40. Re1 Rdd8 41. gxf6+ Rxf6 42. Rc1 Kd6 43. Rxc6+ Kxc6 44. Ke5 Rxf5+ 45. Nxf5 gxf5 46. e7 Rb8 47. Ke6 1-0

[Event "ESP-ch U20"]
[Site "Seville"]
[Date "1999.??.??"]
[Round "7"]
[White "Perez Lopez, Jesus Maria"]
[Black "Garcia Luengo, Leandro"]
[Result "1-0"]
[WhiteElo "2104"]
[BlackElo "2203"]
[PlyCount "79"]
[EventDate "1999.??.??"]
[EventType "swiss"]
[EventRounds "9"]
[EventCountry "ESP"]
[SourceTitle "EXT 2000"]
[Source "ChessBase"]
[SourceDate "1999.11.16"]
[SourceVersion "1"]
[SourceVersionDate "1999.11.16"]
[SourceQuality "1"]

1. d4 e6 2. c4 f5 3. g3 Nf6 4. Bg2 d5 5. Nf3 c6 6. 0-0 Bd6 7. b3 Qe7 8. a4 a5 9. Ba3 Bxa3 10. Nxa3 b6 11. Ne5 Bb7 12. Nc2 0-0 13. Ne1 Nfd7 14. N1d3 Nxe5 15. Nxe5 Nd7 16. Nxd7 Qxd7 17. e3 Ba6 18. Qc2 g5 19. Rfc1 Rfc8 20. Qd2 Rab8 21. c5 bxc5 22. Qxa5 Bd3 23. Qxc5 Rxb3 24. Rc3 Rxc3 25. Qxc3 Bc4 26. Bf1 Bxf1 27. Kxf1 Qa7 28. a5 c5 29. dxc5 Rxc5 30. Qf6 Qa6+ 31. Kg2 Rc8 32. Qxg5+ Kf7 33. Qh6 Kg8 34. Rb1 Re8 35. Rb6 Qc8 36. a6 Re7 37. Qf6 Qe8 38. Rb7 Rxb7 39. axb7 d4 40. f3 1-0

[Event "ESP-ch"]
[Site "Linares"]
[Date "1998.08.14"]
[Round "3"]
[White "Garcia Luengo, Leandro"]
[Black "De la Riva Aguado, Oscar"]
[Result "0-1"]
[WhiteElo "2160"]
[BlackElo "2510"]
[PlyCount "96"]
[EventDate "1998.08.??"]
[EventType "swiss"]
[EventRounds "9"]
[EventCountry "ESP"]
[SourceTitle "EXT 1999"]
[Source "ChessBase"]
[SourceDate "1998.11.16"]
[SourceVersion "1"]
[SourceVersionDate "1998.11.16"]
[SourceQuality "1"]

1. e4 c5 2. Nf3 Nc6 3. d4 cxd4 4. Nxd4 e6 5. Nb5 d6 6. c4 Nf6 7. N1c3 a6 8. Na3 Be7 9. Be2 0-0 10. 0-0 b6 11. Be3 Bb7 12. f3 Ne5 13. Qd2 Re8 14. Rfd1 Rc8 15. Rac1 Bf8 16. Qd4 Ned7 17. Nc2 d5 18. e5 Bc5 19. Qf4 Qc7 20. b4 Bxe3+ 21. Nxe3 Qxe5 22. Qxe5 Nxe5 23. cxd5 exd5 24. Ncxd5 Rxc1 25. Nxf6+ gxf6 26. Rxc1 Nxf3+ 27. Bxf3 Bxf3 28. Nc4 Bd5 29. Nxb6 Bxa2 30. Rc5 Re1+ 31. Kf2 Rb1 32. Ra5 Rxb4 33. Rxa6 Be6 34. h3 Kg7 35. Kf3 Kg6 36. Kf2 h5 37. Kg1 h4 38. Na4 Bc4 39. Ra5 Rb1+ 40. Kh2 Ra1 41. Nb2 Rxa5 42. Nxc4 Ra2 43. Ne3 Kg5 44. Ng4 Re2 45. Kg1 f5 46. Nh2 Kf4 47. Nf1 Re1 48. Kf2 Rxf1+ 0-1

[Event "ESP-ch U20"]
[Site "Spain"]
[Date "1998.??.??"]
[Round "8"]
[White "Fluvia Poyatos, Joan"]
[Black "Garcia Luengo, Leandro"]
[Result "1-0"]
[WhiteElo "2250"]
[BlackElo "2185"]
[PlyCount "183"]
[EventDate "1998.??.??"]
[EventType "swiss"]
[EventRounds "9"]
[EventCountry "ESP"]
[SourceTitle "EXT 2003"]
[Source "ChessBase"]
[SourceDate "2002.11.25"]
[SourceVersion "1"]
[SourceVersionDate "2002.11.25"]
[SourceQuality "1"]

1. Nf3 c5 2. e4 Nc6 3. d4 cxd4 4. Nxd4 g6 5. Nc3 Bg7 6. Be3 Nf6 7. Nb3 0-0 8. Be2 a5 9. a4 Nb4 10. Bf3 d6 11. 0-0 Be6 12. Nd5 Nfxd5 13. exd5 Bf5 14. c3 Nc2 15. Ra2 Nxe3 16. fxe3 Qb6 17. Nd4 Bd7 18. b3 Rac8 19. c4 Qb4 20. Raf2 Qc3 21. Re1 Rce8 22. Rd2 Bh6 23. Rd3 Qb4 24. Qd2 Qc5 25. Rb1 Ra8 26. Rb2 Rfc8 27. Qe1 Bg7 28. Re2 Rf8 29. h4 Qc8 30. g3 h5 31. Rf2 Be5 32. Kh2 Bg4 33. Qe2 Qd7 34. Rd1 Kg7 35. Rdf1 Bh3 36. Bg2 Bg4 37. Qd3 Bf6 38. Bf3 Bh3 39. Rg1 Be5 40. Bd1 Bg4 41. Bc2 Bf6 42. Qe4 Rfc8 43. Rf4 Rh8 44. Rgf1 Rac8 45. Bd3 Ra8 46. Qg2 Rhf8 47. Qe4 Rh8 48. Kg1 Rhf8 49. R1f2 Rfc8 50. Kf1 Rf8 51. Ke1 Rfc8 52. Kd2 Rf8 53. Kc2 Rfc8 54. Kb1 Rf8 55. Ka2 Rac8 56. Be2 Bxe2 57. Rxe2 Be5 58. Rf1 Qg4 59. Qf3 Qxf3 60. Rxf3 Bxd4 61. exd4 Rc7 62. Rfe3 Kf6 63. Kb2 b6 64. Kc3 Re8 65. Re1 e6 66. dxe6 Rxe6 67. d5 Rxe3+ 68. Rxe3 Re7 69. Rf3+ Kg7 70. b4 Re1 71. bxa5 bxa5 72. Kd4 Rd1+ 73. Rd3 Rc1 74. Rb3 Rd1+ 75. Kc3 Rc1+ 76. Kd3 Rd1+ 77. Kc2 Ra1 78. Rb6 Rxa4 79. Kb3 Ra1 80. Rxd6 a4+ 81. Kb2 Rg1 82. Ra6 Rxg3 83. d6 Kf6 84. c5 Ke6 85. Ra7 a3+ 86. Ka2 Rc3 87. Re7+ Kf6 88. Rc7 Ke6 89. d7 Ke7 90. c6 f5 91. Rc8 Rd3 92. Re8+ 1-0